[Event "CHN-ch"]
[Site "Xinghua"]
[Date "2015.05.20"]
[Round "3"]
[White "Yu, Yangyi"]
[Black "Ding, Liren"]
[Result "0-1"]
[WhiteElo "2723"]
[BlackElo "2757"]
[Annotator "Ramirez Alvarez,A"]
[PlyCount "58"]
[EventDate "2015.05.18"]
[EventType "tourn"]
[EventRounds "11"]
[EventCountry "CHN"]
[EventCategory "15"]
[SourceTitle "CBM 167"]
[Source "ChessBase"]
[SourceDate "2015.07.13"]
[SourceVersion "1"]
[SourceVersionDate "2015.07.13"]
[SourceQuality "1"]

1. e4 e5 2. Nf3 Nc6 3. Bb5 Nf6 4. d3 Bc5 5. c3 O-O 6. O-O Re8 7. b4 Bb6 8. Bc4
d6 9. a4 a5 10. b5 Ne7 11. Qb3 Rf8 12. Nbd2 Ng6 13. d4 Nh5 14. dxe5 Nxe5 15.
Nxe5 dxe5 16. Nf3 Qf6 17. Bg5 Qg6 18. Be7 Nf4 19. Nh4 Qg4 20. g3 g5 $5 {
Ding Liren, having a couple of choices on how to win material, decides instead
to give up an exchange to retain pressure!} (20... Nh3+ {Leads to some
unbelievable complications:} 21. Kh1 Nxf2+ 22. Rxf2 Bxf2 23. Rf1 Bb6 (23...
Qxe4+ 24. Ng2 {is also not that clear.}) 24. Bxf7+ Kh8 25. Bxf8 Qxe4+ 26. Nf3
Bh3 27. Be8 $3 {is crazy. For example:} Bxf1 (27... Bg2+ 28. Kxg2 Qe2+ 29. Kh3
Qxf1+ 30. Kg4 h5+ $1 {Only move!} 31. Bxh5 Rxf8 {with a Black advantage in a
still messy position.}) 28. Bxg7+ Kxg7 29. Qf7+ {gets Black mated.}) 21. Ng2
Nh3+ 22. Kh1 Qf3 23. Bxf8 Kxf8 {White is up the exchange, but there is some
clear positional pressure in the position. White's king feels unsafe,
specially with the unguarded f2 pawn.} 24. Qa2 Bg4 (24... Nxf2+ 25. Rxf2 Qxf2
26. Qxf2 Bxf2 27. Rf1 {is clearly bad for Black.}) 25. Rae1 $6 (25. Qd2 $1 {
was important, preventing Rd8.}) 25... Rd8 $1 {The rook joins the fray and it
is all over now.} 26. Be2 Nxf2+ 27. Kg1 (27. Rxf2 Qxf2 28. Qa3+ Bc5 $19) 27...
Qxc3 $1 28. Rxf2 Bxf2+ 29. Kxf2 Rd2 {White has no good way of defending
against the multiple threats on the second rank.} 0-1

[Event "FRA-chT Top 12"]
[Site "Montpellier"]
[Date "2015.06.09"]
[Round "11.1"]
[White "Fedorchuk, Sergey A"]
[Black "Dorfman, Josif D"]
[Result "1-0"]
[WhiteElo "2657"]
[BlackElo "2574"]
[Annotator "Ramirez Alvarez,A"]
[PlyCount "79"]
[EventDate "2015.05.30"]
[EventType "team-tourn"]
[EventRounds "11"]
[EventCountry "FRA"]
[SourceTitle "CBM 166 Extra"]
[Source "ChessBase"]
[SourceDate "2015.06.18"]
[SourceVersion "1"]
[SourceVersionDate "2015.06.18"]
[SourceQuality "1"]
[WhiteTeam "Evry Grand Roque"]
[BlackTeam "Grasse Echecs"]
[WhiteTeamCountry "FRA"]
[BlackTeamCountry "FRA"]

1. e4 e5 2. Nf3 Nc6 3. Bb5 Nf6 4. d3 Bc5 5. O-O Nd4 6. Nxd4 Bxd4 7. c3 Bb6 8.
Ba4 c6 9. Na3 d6 10. Nc4 Bg4 11. Qe1 Bc7 12. Bb3 Be6 13. f4 exf4 14. Bxf4 d5
15. Nd2 Bxf4 16. Rxf4 O-O 17. d4 Re8 18. e5 Nd7 19. Bc2 c5 20. Nf3 cxd4 21.
cxd4 Rc8 22. Bd3 Nf8 23. Qg3 Ng6 {Not an easy position. White has some
pressure on the kingside, but things are not clear. For now his rook seems to
be trapped.} 24. Ng5 $1 {Sacrificing the exchange to expose Black's king.} (24.
Bxg6 fxg6 $1 {would give Black a perfectly fine position. His structure on the
kingside defends itself quite well. The blockade on e6 holds nicely. With the
control on the c-file Black might even have an edge.}) 24... Nxf4 25. Bxh7+ Kf8
26. Qxf4 Ke7 $1 {The king starts running to the queenside.} 27. Rf1 Qb6 $6 (
27... Rf8 28. Bf5 $1 {is also dangerous.}) (27... Kd7 28. Nxf7 Qe7 $1 {is
unclear. The fork doesn't work due to Rf8.}) 28. Nxe6 $1 {The start of a long,
forced, and winning king chase!} fxe6 29. Qg5+ Kd7 30. Rf7+ Kc6 31. Qc1+ $1 {
A key move.} Kb5 32. Bd3+ Ka5 33. Qd2+ $1 Qb4 34. Qxb4+ Kxb4 {The queens were
traded, but that is not the end of the danger for Black's king.} 35. Rxb7+ Ka5
36. b4+ Ka4 37. Bb5+ Ka3 38. Bxe8 Rxe8 39. Rxa7+ Kxb4 40. Rxg7 {The dust has
settled and Black is down three pawns. No choice but to resign.} 1-0

[Event "EU-ch 13th"]
[Site "Plovdiv"]
[Date "2012.03.21"]
[Round "2"]
[White "Savchenko, Boris"]
[Black "Malakhov, Vladimir"]
[Result "1-0"]
[WhiteElo "2580"]
[BlackElo "2705"]
[Annotator "Ramirez Alvarez,A"]
[PlyCount "59"]
[EventDate "2012.03.20"]
[EventType "swiss"]
[EventRounds "11"]
[EventCountry "BUL"]
[SourceTitle "CBM 148"]
[Source "ChessBase"]
[SourceDate "2012.05.16"]
[SourceVersion "1"]
[SourceVersionDate "2012.05.16"]
[SourceQuality "1"]

1. e4 e5 2. Nf3 Nc6 3. Bb5 Nf6 4. Qe2 {Because no one wants to grind down a
2700 in a Berlin. d3 is a more common way of avoiding the endgame, though.} Bd6
{This slightly strange looking move had already been used by Malakhov twice,
once to defeat Bartel and once to defeat Amin. The point of the system is that
if White ever takes on c6, the bishop belongs on d6, so it in some ways
discourages that trade.} 5. d3 O-O 6. c3 Re8 7. Nbd2 Bf8 8. Nf1 d6 9. Ba4 (9.
h3 Nd7 10. Be3 Nb6 11. Ng3 a6 12. Bxc6 bxc6 {eventually lead to a full point
for Black. Bartel-Malakhov, 2010}) 9... Bd7 10. Bc2 Ne7 11. Ne3 Ng6 12. g3 d5 {
White's playing style is conservative to say the least, so Black rushes in to
try to take some action. Opening the center is quite normal when your opponent
is underdeveloped.} 13. exd5 c6 (13... Nf4 14. gxf4 exf4 15. Bd2 Nxd5 16. O-O-O
{is quite unclear.}) 14. dxc6 Bxc6 {So Black sacrificed a pawn, and now has a
nice initative.} 15. O-O Nd5 (15... Nf4 16. gxf4 exf4 17. Nd4 $1 {is slightly
annoying for the attacker, as the Bishop is removed from the diagonal.}) 16.
Qd1 Ndf4 $5 {Black finally sacrifices on f4, but this time he does it without
even getting his piece back! The attack is quite strong.} 17. gxf4 Nxf4 (17...
exf4 18. Ng2 $1 Qd5 19. d4 Qxf3 20. Qxf3 Bxf3 21. Nxf4 {gives Black
compensation but without the queens it will be hard to force the attack
through.}) 18. Re1 {Now, at this point, as a reader, you might expect that
Malakhov will crash through in a brilliant way. But, it just happens that
sometimes it is the defender who plays good chess and ends up victorious. Not
every attack in your lifetime will work.} Re6 $6 {Already too optimistic.} (
18... Nh3+ 19. Kf1 Qf6 20. Ng4 Qxf3 21. Qxf3 Bxf3 22. Nxe5 {was still
compensation.}) 19. Nf5 {A normal regrouping of pieces - now g3 will be solid
blockaded by the N.} Rg6+ 20. Ng3 Qd7 21. d4 $1 {Using the hidden power of the
pieces. Savchenko is hitting the rook on g5, which forces Black to act quickly.
It's possible that this is the move that Malakhov missed when organizing his
attacks.} Qh3 22. Bxf4 exf4 23. Bxg6 hxg6 24. d5 {cool as a cucumber. The king
is exposed, but Black has not enough pieces.} fxg3 25. dxc6 gxf2+ 26. Kxf2 Bc5+
27. Nd4 Qxh2+ 28. Ke3 bxc6 29. Kd3 Rd8 30. Qe2 {The valiant king sits in the
middle of the board - where it is totally safe. Black resigned as his
attacking potential has been snuffed out. A sobering game.} 1-0

[Event "Olympiad-42"]
[Site "Baku"]
[Date "2016.09.10"]
[Round "8.4"]
[White "Brkic, Ante"]
[Black "Roiz, Michael"]
[Result "1/2-1/2"]
[WhiteElo "2584"]
[BlackElo "2605"]
[Annotator "Roiz,M"]
[PlyCount "61"]
[EventDate "2016.09.02"]
[EventType "team-swiss"]
[EventRounds "11"]
[EventCountry "AZE"]
[SourceTitle "CBM 175"]
[Source "ChessBase"]
[SourceDate "2016.11.10"]
[SourceVersion "1"]
[SourceVersionDate "2016.11.10"]
[SourceQuality "1"]
[WhiteTeam "Croatia"]
[BlackTeam "Israel"]
[WhiteTeamCountry "CRO"]
[BlackTeamCountry "ISR"]

1. e4 e5 2. Nf3 Nc6 3. Bb5 Nf6 4. d3 Bc5 5. Bxc6 dxc6 6. O-O ({There were a
lot of alternatives:} 6. Be3) (6. h3) (6. Qe2) ({The most fashionable nowadays
is} 6. Nbd2) 6... Nd7 ({It also makes sense not to lock in the Bc8:} 6... Bd6
$5 7. Nbd2 Bg4 (7... Be6 8. b3 O-O 9. Nc4 Bxc4 10. bxc4 Nd7 11. Rb1 b6 12. g3
f5 13. exf5 Rxf5 14. Be3 Qe8 15. Nd2 Qg6 16. Ne4 Raf8 17. Kg2 Nf6 $11 {Anand,V
(2785)-Aronian,L (2815) Dubai 2014}) 8. Nc4 Nd7 9. h3 Bh5 $11 {Karjakin,S 
(2756)-Leko,P (2730) Beijing 2013}) 7. c3 {For some reason, this natural move
hasn't been tried at the top level.} ({The following continuations can hardly
bother Black:} 7. Nbd2 O-O 8. Nc4 Re8 9. Bd2 Bd6 10. Bc3 f6 11. Nh4 Nf8 12. Kh1
Ng6 13. Qh5 Be6 $11 {Wei Yi (2706)-Balogh,C (2655) Tsaghkadzor ARM 2015}) (7.
Be3 Bd6 8. Nbd2 O-O 9. Nc4 Re8 10. d4 exd4 11. Qxd4 Bc5 $11 {Naiditsch,A (2689)
-Ivanchuk,V (2739) Moscow 2009}) 7... O-O 8. d4 Bd6 9. Nbd2 Re8 $146 ({In 1
preceding game Black didn't manage to solve all the problems:} 9... Qe7 10. Re1
Re8 11. Nc4 f6 12. Nh4 Nf8 13. dxe5 Bxe5 14. Nxe5 Qxe5 15. Nf3 Qe7 16. Bf4 $14
{Ginsburg,G (2481)-Naumann,A (2538) Germany 2005}) ({Giving up the centre with
} 9... exd4 $5 10. cxd4 {wasn't a bad idea at all, since after} Nb6 $1 11. h3
f5 $132 {Black would get full control over the light squares.}) 10. Re1 b6 $6 {
This way of handling the position is too passive.} ({Once again,} 10... exd4 $5
11. cxd4 Nb6 12. h3 (12. Nb3 Bg4 13. h3 Bh5 $132) 12... f5 13. e5 Bf8 $132 {
was a better approach.}) 11. Nc4 {From now, White can eliminate my
dark-squared bishop at any moment.} Bb7 (11... Qf6 {would yield White a small,
but long-lasting advantage after} 12. dxe5 Nxe5 13. Ncxe5 Bxe5 14. Nxe5 Qxe5
15. Qf3 Bf5 16. Bf4 Qe7 17. Qg3 Bg6 18. f3 $14) 12. dxe5 ({The more aggressive
} 12. Bg5 $5 f6 13. Qb3 Kh8 14. Bh4 c5 15. d5 Nf8 16. h3 Ng6 17. Bg3 $14 {
looks promising for White, but Ante rejected it after long meditation.}) 12...
Nxe5 13. Ncxe5 Bxe5 14. Nxe5 Rxe5 15. Bf4 Re7 {White's superiority is based on
a better pawn structure, but creating a passer on the kingside is always a
tough task.} 16. Qxd8+ {It looks like GM Brkic wasn't in an aggressive mood ,
so he is satisifed with a symbolic advantage in the resulting endgame.} ({
A much more unpleasant move to meet would be} 16. Qg4 $1 Qe8 17. f3 f6 18. Qg3
Qf7 19. a4 $14 {- with queens on the board Black's king is in some danger.})
16... Rxd8 17. f3 c5 18. Rad1 {Exchanging one pair of rook also suits me.} ({
A more ambitious try was} 18. b4 $5 cxb4 19. cxb4 f6 20. Rec1 Rdd7 21. Rc3 {
with some pressure.}) 18... Red7 19. Rxd7 Rxd7 20. g4 f6 21. h4 Kf7 22. Kf2 {
White's position is still somewhat better, but now it's really hard to make
any progress.} Ba6 23. e5 ({It was also worth considering} 23. g5 $5 {, though
after} Bc4 24. b3 Be6 25. gxf6 gxf6 26. h5 f5 27. Rg1 fxe4 28. fxe4 Ke8 {
Black should be able to make a draw quite easily.}) 23... Rd3 {I was happy to
get some activity for my pieces.} 24. exf6 gxf6 25. g5 ({Nothing is likely to
be achieved by} 25. Bxc7 Rd2+ 26. Kg3 Rxb2 27. Bd6 Be2 $11) 25... Bb7 26. Be3
Bd5 $11 27. a3 (27. Ke2 c4 28. Rg1 fxg5 29. hxg5 Be6 30. Rh1 Bf5 31. Rh6 Rd6
$11) 27... a5 28. Kg3 a4 {It makes sense to secure the b3-spot for the bishop.}
29. Kf4 Bb3 30. Rg1 Rd5 31. Kg3 1/2-1/2

[Event "Olympiad-35"]
[Site "Bled"]
[Date "2002.10.27"]
[Round "2.1"]
[White "Rozentalis, Eduardas"]
[Black "Adams, Michael"]
[Result "1/2-1/2"]
[WhiteElo "2563"]
[BlackElo "2745"]
[Annotator "Rozentalis,E"]
[PlyCount "52"]
[EventDate "2002.10.26"]
[EventType "team-swiss"]
[EventRounds "14"]
[EventCountry "SLO"]
[SourceTitle "EXT 2003"]
[Source "ChessBase"]
[SourceDate "2002.11.25"]
[SourceVersion "1"]
[SourceVersionDate "2002.11.25"]
[SourceQuality "1"]
[WhiteTeam "Lithuania"]
[BlackTeam "England"]
[WhiteTeamCountry "LTU"]
[BlackTeamCountry "ENG"]

1. e4 e5 2. Nf3 Nc6 3. Bb5 Bc5 4. O-O Nf6 5. d3 Nd4 6. Ba4 Qe7 7. c3 Nxf3+ 8.
Qxf3 c6 $146 (8... h6 9. Nd2 c6 10. b4 Bb6 11. Nc4 {with slightly better
chances for White: Gostica,L 2405- Basagic,Z 2360, SLO-chT 1996}) 9. Bg5 d6 10.
Nd2 (10. b4 Bb6 11. Nd2 {was probably better.}) 10... h6 ({After the game M.
Adams proposed} 10... a5 {with unclear play.}) 11. Bxf6 Qxf6 12. Qxf6 gxf6 13.
b4 Bb6 14. Nc4 (14. b5 cxb5 15. Bxb5+ Ke7 16. Nc4 Bc5 $11) 14... Ke7 (14... Bc7
15. b5 $14) 15. Bb3 Be6 16. Nxb6 $6 ({Giving initiative to Black.} 16. Kh1 {
was better, though after} f5 {Black is OK.}) 16... axb6 17. f4 Bxb3 (17... exf4
$6 18. c4) (17... Ra3 $6 18. c4) 18. axb3 exf4 $1 19. Kf2 (19. Rxa8 Rxa8 20.
Rxf4 Ra3) 19... Ke6 20. Kf3 Rhg8 21. Kxf4 $1 ({White can't give Black a-file:} 
21. Rxa8 Rxa8 22. Rf2 (22. Kxf4 Ra2) 22... Ra1 23. Rb2 Rc1 {and Black is
better.}) 21... Rxa1 22. Rxa1 Rxg2 23. Ra7 Rb2 ({There is nothing better:} 
23... Rxh2 24. Rxb7 b5 25. Rc7 Rh3 26. d4 $11) (23... Rf2+ 24. Ke3 Rb2 25. Rxb7
Rxb3 26. Rxb6 Rxc3 27. Kd2 Rb3 28. Kc2 $11) 24. Rxb7 Rxb3 25. d4 $3 ({Key move.
Natural} 25. Rxb6 $2 Rxc3 26. Ke3 ({or} 26. d4 Rd3 27. b5 Rxd4 28. bxc6 f5 $19)
26... c5 27. bxc5 Rxc5 28. d4 Rh5 29. Rb7 f5 {gives Black good chances to win
an endgame.}) 25... Rxc3 ({Not} 25... b5 $2 26. Rc7 Rxc3 27. d5+ $18) 26. b5 $1
d5 {With a draw offer.} (26... Rd3 $2 {suddenly looses:} 27. bxc6 Rxd4 28. Rb8
Rc4 29. Re8#) (26... d5 27. Rxb6 Kd6 $11) 1/2-1/2

[Event "London Classic 7th"]
[Site "London"]
[Date "2015.12.08"]
[Round "5"]
[White "Caruana, Fabiano"]
[Black "Grischuk, Alexander"]
[Result "1/2-1/2"]
[WhiteElo "2787"]
[BlackElo "2750"]
[Annotator "Sagar Shah"]
[PlyCount "116"]
[EventDate "2015.12.04"]
[EventType "tourn"]
[EventRounds "9"]
[EventCountry "ENG"]
[EventCategory "22"]
[SourceTitle "CBM 170"]
[Source "ChessBase"]
[SourceDate "2016.01.15"]
[SourceVersion "1"]
[SourceVersionDate "2016.01.15"]
[SourceQuality "1"]

{The main reason for annotating the game is the complete blind spot
experienced by both the players on the 46th move when both had enough time and
Caruana missed a simple move that would either mate Grischuk or win a piece.} 
1. e4 e5 2. Nf3 Nc6 3. Bb5 Nf6 4. d3 {The Anti-Berlin.} Bc5 5. Bxc6 dxc6 6.
Nbd2 (6. Nxe5 $2 Qd4 7. Be3 Qxe5 8. d4 Qxe4 9. dxc5 Qxg2 $19) 6... Be6 {
Taking the e5-pawn still fails to ...Qd4.} 7. O-O {Now e5 is hanging and Black
has two ways to defend it.} Bd6 (7... Nd7 8. Nb3 Bb6 9. Ng5 Bxb3 10. axb3 f6
11. Nf3 {had been seen in the top level encounter Yu Yangyi vs Vladimir
Kramnik which helped the Chinese player win the first edition of Qatar Masters
in 2014.}) 8. d4 Nd7 9. dxe5 Nxe5 10. Nxe5 Bxe5 11. f4 Bd4+ 12. Kh1 f5 (12...
f6 $11 {would have been better and Black can be confident about the soundness
of his position.}) 13. Qh5+ g6 14. Qe2 O-O 15. Nf3 Bf6 16. e5 Be7 {Black's
bishop pair to some extent compensate for White's passer on e5. But White can
play Rd1 and Nd4 and chop off the bishop on e6, thereby enjoying a slight plus.
} 17. Rd1 Qe8 18. Nd4 Qf7 (18... Bd5 19. c4 $18) 19. Nxe6 Qxe6 20. Be3 $14 {
Black has a dead majority on the queenside while White has a protected passed
pawn on the other wing. Simple common sense dictates that White should be
clearly better.} Rfd8 21. c4 a6 22. b3 Kf7 23. a4 {With these moves White
slowly but surely strengthens his position. On the other hand it is not so
easy to find a constructive plan for Black. Grischuk logically tries to
exchange the rooks.} Ke8 24. h3 Rxd1+ 25. Rxd1 Rd8 26. Rxd8+ Bxd8 27. Bc5 {
In the press conference Grischuk said that he realised he was in some
difficulty.} Kf7 (27... Be7 {is a normal move but it is not so great as after}
28. Bxe7 Kxe7 29. Qd3 {You cannot offer the exchange of queens.} Qd7 30. Qxd7+
Kxd7 31. Kh2 Ke6 32. Kg3 h6 33. Kh4 c5 34. g4 $1 $18 {is just winning for
White. He will keep moving his king from g3 to h4 until Black has used up all
his moves. And then when the black king moves away from e6, he would take on
f5 and make his way to the h5 square.} a5 35. Kg3 b6 36. Kh4 c6 37. Kg3 Kf7 38.
gxf5 gxf5 39. Kh4 Kg6 40. e6 $1 Kf6 41. Kh5 Kxe6 42. Kxh6 $18) 28. Qd2 Bh4 {
Grischuk's deep idea was to provoke g3 and then go Be7 followed by the queen
exchange because then Kh2-g3-h4 would not be possible. But as Grischuk said,
"if you have to go for such deep defensive ideas then something is wrong with
your position!"} 29. Kh2 (29. g3 Be7 (29... Bxg3 30. Qd8 $18) 30. Bxe7 Kxe7 31.
Kg2 Qd7 32. Qxd7+ Kxd7 33. b4 b5 34. axb5 axb5 35. c5 h5 36. g4 h4 $11 {
and the pawn endgame is just a draw.}) 29... h5 30. a5 Qe8 31. Ba3 (31. Qb4 $1
Qc8 32. g3 Bd8 33. h4 {Black is almost paralysed. But it is not so easy for
White to breakthrough if Black just waits with Qb8-c8. On the other hand if
Black decides to become active, he would be in trouble.} Qd7 $2 34. Qxb7 Qd2+
35. Kh3 Qe1 36. Qxc6 $18) 31... Qd8 $1 32. Qb4 (32. Qxd8 Bxd8 $11 {With the
bishops on the board this is just a draw.}) 32... b6 $6 {Now White gets a huge
initiative.} (32... Bf2 $1 33. Qxb7 Be3 {[%csl Rf4] would have given good
counterplay to maintain equality.}) 33. Qc3 {Threatening axb6 cxb6 Bd6!} c5 34.
Bb2 Qd1 (34... Ke6 35. Qf3 $16) (34... Qd7 $1 {is the best.} 35. e6+ $6 Qxe6
36. Qg7+ Ke8 $11) 35. e6+ $1 {Giving up a pawn to get to the black king.} Kxe6
36. Qe5+ Kd7 37. Qg7+ Be7 38. Qxg6 $16 (38. Bf6 Qd6 $11) 38... Qc2 39. Be5 h4
40. axb6 cxb6 41. Qxb6 {At this point the 40 move mark was crossed and both
the players got an extra hour. White is a pawn up and has a completely winning
position. Grischuk looked pretty dejected at this point but he tried his best.}
Qd3 42. Qb7+ Ke8 43. Qa8+ Kd7 44. Qb7+ Ke8 45. Qc6+ Kf8 {And here it is, the
crucial moment of the entire game. Can you find the win for White?} 46. Qa8+ $2
(46. Qg6 $1 {was the crucial move which was overlooked by both the players.
The threat is Bg7+ with a mate and this also covers the g3-square. It is
surprising that such an easy move was missed by both the players and they were
not even aware of it even after the game ended! A complete blind spot.} Bd8 47.
Bd6+ Be7 48. Qf6+ $18) 46... Bd8 (46... Kf7 47. Qd5+ Qxd5 48. cxd5 {is a
winning endgame.}) 47. Bc3 Qg3+ 48. Kh1 Qd3 49. Qb8 Kf7 50. Qb7+ (50. Qe5 $16 {
centralising the queen was better.}) 50... Be7 51. Be5 a5 52. Bb8 $2 (52. Qf3
Qxf3 53. gxf3 {How would you assess this position? I have a feeling that White
has good winning chances. Let's have a look at it.} Bf6 54. Bd6 (54. Bxf6 Kxf6
$11) 54... Bd4 (54... Be7 55. Bc7 $18) 55. Kg2 Ke6 56. Bb8 Kd7 57. Kf1 Kc6 (
57... Bc3 58. Ke2 Bd4 59. Be5 $18) 58. Be5 Be3 59. Ke2 Bc1 60. Bf6 Bxf4 61.
Bxh4 $18) 52... Qb1+ $1 53. Kh2 a4 $1 {Now Black has enough counterplay and
the game ends in a draw.} 54. Qd5+ Kf8 55. Bd6 axb3 56. Qa8+ Kf7 57. Qd5+ (57.
Qb7 Qe4 $1 $11) 57... Kf8 58. Qa8+ Kf7 {A huge miss by Caruana. He ended the
tournament with nine draws! I am sure that he would have fared much better had
he won this game which he played so well until the 46th move.} 1/2-1/2